000 00509nam a22001577a 4500
005 20111209165833.0
020 _a9781593394264
037 _bPUB
245 _aSounds /
_cillustrated by Carrie Hartman
260 _aNew Delhi
_bEncyclopaedia Britannica
_c2008
300 _aV8 (32p.)
_c25cm (Hb)
_bill.
490 _a Britannica discovery library
_936751
700 _aHartman, Carrie
_936697
942 _2ddc
_cCH
_mSOU
999 _c59242
_d59242